| 000 | 06116cam a22018614i 4500 | ||
|---|---|---|---|
| 003 | PE-LiUPU | ||
| 005 | 20250813165408.0 | ||
| 008 | 161227s2015 ag a r b 001 0 spa d | ||
| 020 | _a9500606364 | ||
| 020 | _a9789500606363 | ||
| 035 | _a(Sirsi) a165702 | ||
| 040 |
_aPE-LiUPU _bspa _cPE-LiUPU _erda |
||
| 049 | _aPRUA | ||
| 082 | 0 | 4 |
_a618.92 _bI64 _220 |
| 100 | 1 |
_aIñón, Alberto E _eautor. |
|
| 040 | _aPE-LiUPU | ||
| 245 | 1 | 0 |
_aUrgencias en pediatría : _bmanual de procedimientos / _cAlberto E. Iñón, Juan J. Vázquez Estévez. |
| 250 | _aPrimera edición. | ||
| 264 | 1 |
_aBuenos Aires : _bMédica Panamericana, _cc2015. |
|
| 300 |
_axxii, 554 páginas : _bilustraciones ; _c17 centimetros. |
||
| 336 |
_atext _2rdacontent |
||
| 337 |
_aunmediated _2rdamedia |
||
| 338 |
_avolume _2rdacarrier |
||
| 504 | _aBibliografía : final de cada capítulo | ||
| 504 | _aÍndices: páginas 529-554 | ||
| 505 | 0 | _aLavado de las manos -- Colocacipon de guantes -- Campo aséptico, preparación de -- Curación: abiertas, plana y oclusiva -- Caja de cirugía menor -- Abscesos drenaje -- Amputaciones, manejo del muñón y del miembro amputado -- Anestesia local por inflamación -- Anastesia tópica -- Anastesia troncular generalidades -- Anastesia troncular de los dedos de las manos y de los pies -- Inmovilización de costilla -- Inmovilizacipon de fracturas, generalidades -- Inmovilización, vendajes -- Intubación endotraqueal -- Inyecciones intramusculares, subcutánes e intredérmicas -- Lavado gástrico -- Masaje cardíaco -- Miasis, remoción de larvas -- Ombligo, tratamiento de granuloma -- Ojos, lavado ocular y cuerpo extraño ocular -- Ostomía, prolapso, reducción -- Oxigenoterapia -- Parafimosis, reducción -- Parpados, eversión -- Pericardiocentesis -- Prepucio, atrapamiento -- prolapso rectal, reducción -- Pronación dolorosa, reducción Punción arterial -- Punción cricotiroides -- Punción lumbar -_ punción pleural -- Punción venosa -- Punción vesical suprapúbica -- púntos de sutura, extracción -- Quemaduras por calor, primera cura -- Quemaduras por electricidad, primera cura -- Sedación y analgesia -- Sonda nasogástrica, colocación -- Sonda rectal, colocación -- Sonda vesical, colocación -- Tacto rectal -- Torsón testicular, detorsión manual -- Uña, arrancamiento -- Uña, drenaje de hematoma subungueal -- Vía aérea, manipbras de desobstrucción -- Vía aérea, ventilación con bolsa. | |
| 526 | _aP203 | ||
| 526 | _aP200 | ||
| 526 | _aSEG65 | ||
| 526 | _aSEG64 | ||
| 526 | _aSEG63 | ||
| 526 | _aSEG62 | ||
| 526 | _aSEG61 | ||
| 526 | _aSEG60 | ||
| 526 | _aSEG59 | ||
| 526 | _aSEG58 | ||
| 526 | _aSEG57 | ||
| 526 | _aSEG56 | ||
| 526 | _aSEG55 | ||
| 526 | _aSEG54 | ||
| 526 | _aSEG53 | ||
| 526 | _aSEG52 | ||
| 526 | _aSEG51 | ||
| 526 | _aSEG50 | ||
| 526 | _aSEG49 | ||
| 526 | _aSEG48 | ||
| 526 | _aSEG47 | ||
| 526 | _aSEG46 | ||
| 526 | _aSEG24 | ||
| 526 | _aSEG23 | ||
| 526 | _aSEG22 | ||
| 526 | _aSEG21 | ||
| 526 | _aSEG20 | ||
| 526 | _aSEG19 | ||
| 526 | _aSEG18 | ||
| 526 | _aSEG17 | ||
| 526 | _aSEG16 | ||
| 526 | _aSEG14 | ||
| 526 | _aSEG13 | ||
| 526 | _aSEG12 | ||
| 526 | _aSEG11 | ||
| 526 | _aSEG10 | ||
| 526 | _aSEG09 | ||
| 526 | _aSEG06 | ||
| 526 | _aSEG05 | ||
| 526 | _aSEG04 | ||
| 526 | _aSEG03 | ||
| 526 | _aSEG02 | ||
| 526 | _aSEG68 | ||
| 526 | _aSEG66 | ||
| 526 | _aSEG45 | ||
| 526 | _aSEG25 | ||
| 526 | _aSEG01 | ||
| 526 | _aP163 | ||
| 526 | _aP162 | ||
| 526 | _aP161 | ||
| 526 | _aP160 | ||
| 526 | _aP159 | ||
| 526 | _aP158 | ||
| 526 | _aP157 | ||
| 526 | _aP156 | ||
| 526 | _aP155 | ||
| 526 | _aP154 | ||
| 526 | _aP153 | ||
| 526 | _aP152 | ||
| 526 | _aP151 | ||
| 526 | _aP150 | ||
| 526 | _aP149 | ||
| 526 | _aP142 | ||
| 526 | _aP141 | ||
| 526 | _aP140 | ||
| 526 | _aP139 | ||
| 526 | _aP138 | ||
| 526 | _aP137 | ||
| 526 | _aP132 | ||
| 526 | _aP131 | ||
| 526 | _aP130 | ||
| 526 | _aP126 | ||
| 526 | _aP125 | ||
| 526 | _aP124 | ||
| 526 | _aP123 | ||
| 526 | _aP115 | ||
| 526 | _aP122 | ||
| 526 | _aP121 | ||
| 526 | _aP116 | ||
| 526 | _a P114 | ||
| 526 | _aP112 | ||
| 526 | _aP111 | ||
| 526 | _aP104 | ||
| 526 | _aP103 | ||
| 526 | _aP102 | ||
| 526 | _aP101 | ||
| 526 | _aP100 | ||
| 526 | _aP96 | ||
| 526 | _aP95 | ||
| 526 | _aP93 | ||
| 526 | _aP92 | ||
| 526 | _aP91 | ||
| 526 | _aP88 | ||
| 526 | _aP83 | ||
| 526 | _aP82 | ||
| 526 | _aP79 | ||
| 526 | _aP78 | ||
| 526 | _aP75 | ||
| 526 | _aP74 | ||
| 526 | _aP71 | ||
| 526 | _aP69 | ||
| 526 | _a P51 | ||
| 526 | _aP49 | ||
| 526 | _aP48 | ||
| 526 | _aP47 | ||
| 526 | _aP33 | ||
| 526 | _aP31 | ||
| 526 | _a P30 | ||
| 526 | _aP29 | ||
| 526 | _aP27 | ||
| 526 | _aP26 | ||
| 526 | _aP25 | ||
| 526 | _aP24 | ||
| 526 | _a P22 | ||
| 526 | _aP10 | ||
| 526 | _aP09 | ||
| 526 | _a P08 | ||
| 526 | _aP06 | ||
| 526 | _aP05 | ||
| 526 | _aP04 | ||
| 526 | _aP01 | ||
| 541 | _g043-0021736; | ||
| 650 | 0 | 4 | _aUrgencias pediátricas. |
| 700 | 0 | 1 |
_aVázquez Estévez, Juan J. _4aut |
| 910 |
_ajck _bjvq _cjck _d20161227 |
||
| 942 |
_2ddc _cBOOK |
||
| 949 |
_a618.92 I64 _wDEWEY _c1 _i75083 _lCATALOGING _mBUL _p49.00 _r0 _sY _tBOOK _u2016-12-27 _xSALUD _zPOSGRADO CIENCIAS DE LA SALUD _0COMPRA _o.CIRCNOTE. El documento es de alto precio. _o.STAFF. Colección Ciencias de la Salud |
||
| 949 |
_a618.92 I64 _wDEWEY _c2 _i75084 _lCATALOGING _mBUL _p49.00 _r0 _sY _tBOOK _u2016-12-27 _xSALUD _zPOSGRADO CIENCIAS DE LA SALUD _0COMPRA _o.CIRCNOTE. El documento es de alto precio. _o.STAFF. Colección Ciencias de la Salud |
||
| 596 | _a1 | ||
| 999 |
_a618.92 I64 _wDEWEY _c14468 _i75083 _d14468 _f2021-11-4 _g5 _lCCODEBUL1 _mBUL _p49.00 _q2 _r0 _sY _tBOOK _u2016-12-27 _xSALUD _PP69 _0COMPRA _o.STAFF. Colección Ciencias de la Salud |
||
| 999 |
_a618.92 I64 _wDEWEY _c2 _i75084 _f2021-11-4 _g5 _lCCODEBUL1 _mBUL _p49.00 _r0 _sY _tBOOK _u2016-12-27 _xSALUD _PP69 _0COMPRA _o.STAFF. Colección Ciencias de la Salud |
||
| 980 |
_81 _gALBERTO SANCHEZ Responsable de Automatización |
||